|
|
|
|
| LEADER |
00000nam a22000007a 4500 |
| 005 |
20120423121848.0 |
| 007 |
cr|||| |||| |
| 008 |
120423s2012 co |||||s|||| 00||0 spa d |
| 020 |
|
|
|a 978-958-648-755-9
|
| 035 |
|
|
|a 6229
|
| 040 |
|
|
|a vLex
|
| 090 |
|
|
|c 3132
|d 3132
|
| 100 |
1 |
|
|a Palacios Acero, Luis Carlos
|
| 245 |
1 |
0 |
|a Estratǧias de creacin̤ empresarial
|h [Recurso electrn̤ico] /
|c Luis Carlos Palacios Acero
|
| 256 |
|
|
|a Servicio en ln̕ea
|
| 260 |
|
|
|a Bogot ̀:
|b Ecoe ediciones,
|c 2012
|
| 300 |
|
|
|a 1 recurso electrn̤ico
|
| 490 |
0 |
|
|a Ciencias Administrativas
|
| 500 |
|
|
|a Interesantes factores clave que permiten identificar las necesidades del mercado, sus habilidades y destrezas, las decisiones y organizacin̤, los recursos humanos, econm̤icos, tecnolg̤icos y ambientales, la forma de lograr alta productividad en el negocio evitando los desperdicios, produciendo con calidad, imaginacin̤, creatividad e innovacin̤, que permite enfrentar los cambios que ofrece el mundo globalizado actual.
|
| 504 |
|
|
|a Incluye glosario y bibliografa̕
|
| 506 |
1 |
|
|a Contenido solo disponible en los productos indicados
|d vLex Global
|d vLex Global (Academic Edition, excluding Law Schools)
|d vLex Global (U.S. Academic Edition, Law Schools)
|d vLex Global (U.S. Academic Edition, excluding Law Schools)
|d vLex Global (Academic Edition, Law Schools)
|
| 650 |
0 |
4 |
|a Empresas
|x Planificacin̤
|z Colombia
|
| 740 |
0 |
|
|a vLex Libros (Servicio en ln̕ea)
|
| 856 |
4 |
0 |
|u http://vlex.com/source/estrategias-creacion-empresarial-6229
|z Acceso restringido
|
| 942 |
|
|
|c BOOK
|
| 999 |
0 |
|
|a Business planning
|